000 01858cam a2200409 a 4500
001 16142650
003 EG-ScBUE
005 20220208141947.0
008 100318s2010 nyub f 000 f eng d
020 _a0525951652 (hbk.)
020 _a9780525951650 (hbk.)
035 _a(OCoLC)ocn462899076
040 _aDLC
_beng
_erda
_cDLC
_dBTCTA
_dGK8
_dYDXCP
_dKN4
_dUPZ
_dJRS
_dJAO
_dC#P
_dP@N
_dEINCP
_dBWX
_dCDX
_dVP@
_dFN4
_dUBY
_dHBP
_dDLC
_dEG-ScBUE
043 _ae-uk---
_ae-ur---
_ae------
082 0 4 _a823.914
_222
_bFOL
100 1 _aFollett, Ken,
_eauthor.
_924717
245 1 0 _aFall of giants :
_bbook one of the century trilogy /
_cKen Follett.
264 1 _aNew York :
_bDutton,
_c2010.
300 _axiv, 985 pages :
_bcolor maps ;
_c25 cm
336 _2rdacontent
_atext
_btxt
337 _2rdamedia
_aunmediated
_bn
338 _2rdacarrier
_avolume
_bnc
500 _aCol. map on endpapers.
520 _aFollows the fates of five interrelated families--American, German, Russian, English, and Welsh--as they move through the dramas of the First World War, the Russian Revolution, and the struggle for women's suffrage.
650 7 _aTwentieth century
_vFiction.
_924719
_2BUEsh
650 7 _aWorld War, 1914-1918
_vFiction.
_924720
_2BUEsh
650 7 _aHistorical fiction.
_2lcsh
_924721
651 7 _aGreat Britain
_xHistory
_yGeorge V, 1910-1936
_vFiction.
_924724
_2BUEsh
651 7 _aGreat Britain
_xSocial life and customs
_y1918-1945
_vFiction.
_924725
_2BUEsh
651 7 _aSoviet Union
_xHistory
_yRevolution, 1917-1921
_vFiction.
_924726
_2BUEsh
651 7 _aUnited States
_xHistory
_y1913-1921
_vFiction.
_924727
_2BUEsh
651 7 _aGermany
_xHistory
_y1918-1933
_vFiction.
_924728
_2BUEsh
653 _cJune2011
_dBestSellers
_bHHUUEENN
655 0 _aHistorical fiction, English.
_vReading book
942 _2ddc
_cBB
999 _c15547
_d15547